Fast typing from I to C - Statistics

General Stats
  • This quiz has been taken 539 times
  • The average score is 57 of 100
Answer Stats
Answer % Correct
I
100%
II
92%
III
92%
V
92%
X
92%
IV
91%
VI
91%
VII
90%
XI
90%
VIII
89%
XII
89%
XIII
89%
IX
88%
XV
87%
XX
86%
XIV
85%
XVI
85%
XVII
85%
XVIII
85%
XXI
83%
XXII
82%
XXX
82%
XXIII
81%
XXV
81%
XIX
80%
XXVI
80%
XXIV
79%
XXVII
79%
XXVIII
78%
XXXI
78%
XXIX
77%
XXXII
77%
XXXIII
77%
XXXV
77%
L
76%
XXXVI
76%
XXXVII
76%
XXXIV
74%
XXXVIII
74%
XXXIX
69%
LI
66%
C
64%
LII
64%
XL
64%
LIII
62%
LV
60%
LX
60%
XLI
59%
XLII
58%
XLIII
58%
LIV
57%
LVI
57%
XLIV
57%
XLV
57%
LVII
56%
LVIII
55%
XLVI
55%
XLVII
55%
XLVIII
54%
LIX
53%
LXI
53%
LXII
50%
LXIII
49%
LXX
49%
LXV
47%
XLIX
47%
LXIV
45%
LXVI
44%
LXVII
42%
LXVIII
40%
LXXX
40%
LXIX
39%
LXXI
38%
XC
37%
LXXII
34%
LXXIII
32%
LXXV
31%
LXXIV
30%
LXXVI
28%
LXXVII
26%
LXXIX
25%
LXXVIII
25%
LXXXI
25%
LXXXII
23%
LXXXIII
21%
LXXXV
20%
XCI
20%
LXXXIV
19%
LXXXVI
19%
LXXXVII
18%
XCII
18%
XCIII
18%
LXXXVIII
17%
XCV
16%
LXXXIX
15%
XCIV
15%
XCVI
14%
XCVII
14%
XCIX
13%
XCVIII
13%
No matching quizzes found
Score Distribution
Percent of People with Each Score
Percentile by Number Answered
Your Score History
You have not taken this quiz